|
|
|
|
| LEADER |
00000nam0a2200000 4500 |
| 001 |
116330 |
| 005 |
20231031123153.0 |
| 035 |
|
|
|a (RuTPU)RU\TPU\book\125886
|
| 090 |
|
|
|a 116330
|
| 100 |
|
|
|a 20070521d1991 k y0rusy50 ca
|
| 101 |
0 |
|
|a rus
|
| 102 |
|
|
|a RU
|
| 105 |
|
|
|a a b 000zy
|
| 200 |
1 |
|
|a Информационный сборник насосного оборудования
|f Центральный институт научно-технической информации и технико-экономических исследований по химическому и нефтяному машиностроению (ЦИНТИХИМНЕФТЕМАШ); под ред. Н. Ф. Панферова; сост. Р. М. Холопова, Н. В. Алешина, А. И. Яковлев
|
| 210 |
|
|
|a Москва
|c ЦИНТИХИМНЕФТЕМАШ
|d 1991
|
| 215 |
|
|
|a 143 с.
|c ил.
|
| 610 |
1 |
|
|a каталоги
|
| 610 |
1 |
|
|a насосы
|
| 610 |
1 |
|
|a центробежные насосы
|
| 610 |
1 |
|
|a осевые насосы
|
| 610 |
1 |
|
|a землесосы
|
| 610 |
1 |
|
|a вихревые насосы
|
| 610 |
1 |
|
|a масляные насосы
|
| 610 |
1 |
|
|a дозировочные насосы
|
| 610 |
1 |
|
|a электронасосные агрегаты
|
| 610 |
1 |
|
|a поршневые насосы
|
| 610 |
1 |
|
|a объемные насосы
|
| 610 |
1 |
|
|a динамические насосы
|
| 675 |
|
|
|a 621.65(085)
|v 3
|
| 702 |
|
1 |
|a Панферов
|b Н. Ф.
|4 340
|
| 702 |
|
1 |
|a Холопова
|b Р. М.
|4 220
|
| 702 |
|
1 |
|a Алешина
|b Н. В.
|4 220
|
| 702 |
|
1 |
|a Яковлев
|b А. И.
|4 220
|
| 712 |
0 |
2 |
|a Центральный институт научно-технической информации и технико-экономических исследований по химическому и нефтяному машиностроению (ЦИНТИХИМНЕФТЕМАШ)
|2 stltpush
|3 (RuTPU)RU\TPU\col\10810
|
| 801 |
|
1 |
|a RU
|b 63413507
|c 20070521
|g PSBO
|
| 942 |
|
|
|c BK
|